000 00979nam a22001817a 4500
999 _c59203
_d59203
003 Ge_BSU
005 20221213145725.0
008 221213s1984ge xxu||||| |||| 00| 0 geo d
041 _ageo
080 _a792.071(=353.1)(ალექსი-მესხიშვილი, ლ.) კ-31
100 _aკასრაძე, ოთარ, ავტ.
_916389
245 _aკვალი ნათელი კაცისა :
_b[მსახიობ ლ. ალექსი-მესხიშვილის ცხოვრება და მოღვაწეობა] /
_cოთარ კასრაძე, რედ. გ.დოლიძე.
264 _aთბილისი :
_bხელოვნება,
_c1984.
300 _a288 გვ. :
_bპორტრ. 1 ფ. ილ. 36 ფ.
_c22 სმ.
653 _aალექსი-მესხიშვილი, ლადო.
700 _aდოლიძე, გ
_eრედაქტორი
_916390
942 _2udc
_cBK